00404nam a2200181Ia 4500003000900000008004100009040001300050040001300063041000800076100002100084245006000105250000900165260001300174260000900187300001000196300001000206490000600216IT-RoPAU120407s9999 xx 000 0 und d aIT-RoPAU cIT-RoPAU aita aGianfranco Nolli aAppunti di mariologia dell’Antico Testamento. 2a ed. aRoma aMarianum c1963 a53 p. c24 cm v1